|
|
|
|
| LEADER |
05531noc a2200673 i 4500 |
| 001 |
eta5052 |
| 005 |
20260305160033.0 |
| 008 |
210301s2021 hu o 000 hun d |
| 040 |
|
|
|a SZTE Elektronikus Tananyag Archívum
|b hun
|
| 041 |
|
|
|a hun
|
| 100 |
2 |
|
|a Ledóné Darázsi Hajnalka
|
| 245 |
1 |
0 |
|a Nemesítés és fajtahasználat a kertészetben
|h [elektronikus dokumentum] /
|c Ledóné Darázsi Hajnalka
|
| 246 |
1 |
0 |
|a Breeding and variety attributes in horticulture
|h [elektronikus dokumentum]
|
| 260 |
|
|
|c 2021
|
| 650 |
|
4 |
|a Mezőgazdaság-tudományok
|
| 650 |
|
4 |
|a Mezőgazdaság, erdészet, halászat
|
| 650 |
|
4 |
|a Kertészet és szőlészet
|
| 695 |
|
|
|a kertészet
|
| 856 |
4 |
0 |
|u https://eta.bibl.u-szeged.hu/5052/18/EFOP343_AP6MGK_vide%C3%B3lecke_Led%C3%B3n%C3%A9_1_20210217.mp4
|z Dokumentum-elérés
|
| 856 |
4 |
0 |
|u https://eta.bibl.u-szeged.hu/5052/1/EFOP343_AP6MGK_olvas%C3%B3lecke_Led%C3%B3n%C3%A9_1_20210217.pdf
|z Dokumentum-elérés
|
| 856 |
4 |
0 |
|u https://eta.bibl.u-szeged.hu/5052/2/EFOP343_AP6MGK_olvas%C3%B3lecke_Led%C3%B3n%C3%A9_2_20210217.pdf
|z Dokumentum-elérés
|
| 856 |
4 |
0 |
|u https://eta.bibl.u-szeged.hu/5052/3/EFOP343_AP6MGK_olvas%C3%B3lecke_Led%C3%B3n%C3%A9_3_20210217.pdf
|z Dokumentum-elérés
|
| 856 |
4 |
0 |
|u https://eta.bibl.u-szeged.hu/5052/19/EFOP343_AP6MGK_vide%C3%B3lecke_Led%C3%B3n%C3%A9_2_20210217.mp4
|z Dokumentum-elérés
|
| 856 |
4 |
0 |
|u https://eta.bibl.u-szeged.hu/5052/20/EFOP343_AP6MGK_vide%C3%B3lecke_Led%C3%B3n%C3%A9_3_20210217.mp4
|z Dokumentum-elérés
|
| 856 |
4 |
0 |
|u https://eta.bibl.u-szeged.hu/5052/21/EFOP343_AP6MGK_vide%C3%B3lecke_Led%C3%B3n%C3%A9_4_20210217.mp4
|z Dokumentum-elérés
|
| 856 |
4 |
0 |
|u https://eta.bibl.u-szeged.hu/5052/22/EFOP343_AP6MGK_vide%C3%B3lecke_Led%C3%B3n%C3%A9_5_20210217.mp4
|z Dokumentum-elérés
|
| 856 |
4 |
0 |
|u https://eta.bibl.u-szeged.hu/5052/23/EFOP343_AP6MGK_vide%C3%B3lecke_Led%C3%B3n%C3%A9_6_20210217.mp4
|z Dokumentum-elérés
|
| 856 |
4 |
0 |
|u https://eta.bibl.u-szeged.hu/5052/24/EFOP343_AP6MGK_vide%C3%B3lecke_Led%C3%B3n%C3%A9_7_20210217.mp4
|z Dokumentum-elérés
|
| 856 |
4 |
0 |
|u https://eta.bibl.u-szeged.hu/5052/4/EFOP343_AP6MGK_olvas%C3%B3lecke_Led%C3%B3n%C3%A9_4_20210217.pdf
|z Dokumentum-elérés
|
| 856 |
4 |
0 |
|u https://eta.bibl.u-szeged.hu/5052/5/EFOP343_AP6MGK_olvas%C3%B3lecke_Led%C3%B3n%C3%A9_5_20210217.pdf
|z Dokumentum-elérés
|
| 856 |
4 |
0 |
|u https://eta.bibl.u-szeged.hu/5052/6/EFOP343_AP6MGK_olvas%C3%B3lecke_Led%C3%B3n%C3%A9_6_20210217.pdf
|z Dokumentum-elérés
|
| 856 |
4 |
0 |
|u https://eta.bibl.u-szeged.hu/5052/7/EFOP343_AP6MGK_olvas%C3%B3lecke_Led%C3%B3n%C3%A9_7_20210217.pdf
|z Dokumentum-elérés
|
| 856 |
4 |
0 |
|u https://eta.bibl.u-szeged.hu/5052/25/EFOP343_AP6MGK_vide%C3%B3lecke_Led%C3%B3n%C3%A9_8_20210217.mp4
|z Dokumentum-elérés
|
| 856 |
4 |
0 |
|u https://eta.bibl.u-szeged.hu/5052/8/EFOP343_AP6MGK_olvas%C3%B3lecke_Led%C3%B3n%C3%A9_8_20210217.pdf
|z Dokumentum-elérés
|
| 856 |
4 |
0 |
|u https://eta.bibl.u-szeged.hu/5052/9/EFOP343_AP6MGK_olvas%C3%B3lecke_Led%C3%B3n%C3%A9_9_20210217.pdf
|z Dokumentum-elérés
|
| 856 |
4 |
0 |
|u https://eta.bibl.u-szeged.hu/5052/10/EFOP343_AP6MGK_olvas%C3%B3lecke_Led%C3%B3n%C3%A9_10_20210217.pdf
|z Dokumentum-elérés
|
| 856 |
4 |
0 |
|u https://eta.bibl.u-szeged.hu/5052/11/EFOP343_AP6MGK_olvas%C3%B3lecke_Led%C3%B3n%C3%A9_11_20210217.pdf
|z Dokumentum-elérés
|
| 856 |
4 |
0 |
|u https://eta.bibl.u-szeged.hu/5052/12/EFOP343_AP6MGK_olvas%C3%B3lecke_Led%C3%B3n%C3%A9_12_20210217.pdf
|z Dokumentum-elérés
|
| 856 |
4 |
0 |
|u https://eta.bibl.u-szeged.hu/5052/13/EFOP343_AP6MGK_olvas%C3%B3lecke_Led%C3%B3n%C3%A9_13_20210217.pdf
|z Dokumentum-elérés
|
| 856 |
4 |
0 |
|u https://eta.bibl.u-szeged.hu/5052/14/EFOP343_AP6MGK_olvas%C3%B3lecke_Led%C3%B3n%C3%A9_14_20210217.pdf
|z Dokumentum-elérés
|
| 856 |
4 |
0 |
|u https://eta.bibl.u-szeged.hu/5052/15/EFOP343_AP6MGK_olvas%C3%B3lecke_Led%C3%B3n%C3%A9_15_20210217.pdf
|z Dokumentum-elérés
|
| 856 |
4 |
0 |
|u https://eta.bibl.u-szeged.hu/5052/16/EFOP343_AP6MGK_olvas%C3%B3lecke_Led%C3%B3n%C3%A9_16_20210217.pdf
|z Dokumentum-elérés
|
| 856 |
4 |
0 |
|u https://eta.bibl.u-szeged.hu/5052/17/EFOP343_AP6MGK_olvas%C3%B3lecke_Led%C3%B3n%C3%A9_17_20210217.pdf
|z Dokumentum-elérés
|
| 856 |
4 |
0 |
|u https://eta.bibl.u-szeged.hu/5052/111/felirat.vtt
|z Dokumentum-elérés
|
| 856 |
4 |
0 |
|u https://eta.bibl.u-szeged.hu/5052/112/felirat.html
|z Dokumentum-elérés
|
| 856 |
4 |
0 |
|u https://eta.bibl.u-szeged.hu/5052/113/felirat.vtt
|z Dokumentum-elérés
|
| 856 |
4 |
0 |
|u https://eta.bibl.u-szeged.hu/5052/114/felirat.html
|z Dokumentum-elérés
|
| 856 |
4 |
0 |
|u https://eta.bibl.u-szeged.hu/5052/115/felirat.vtt
|z Dokumentum-elérés
|
| 856 |
4 |
0 |
|u https://eta.bibl.u-szeged.hu/5052/116/felirat.html
|z Dokumentum-elérés
|
| 856 |
4 |
0 |
|u https://eta.bibl.u-szeged.hu/5052/117/felirat.vtt
|z Dokumentum-elérés
|
| 856 |
4 |
0 |
|u https://eta.bibl.u-szeged.hu/5052/118/felirat.html
|z Dokumentum-elérés
|
| 856 |
4 |
0 |
|u https://eta.bibl.u-szeged.hu/5052/119/felirat.vtt
|z Dokumentum-elérés
|
| 856 |
4 |
0 |
|u https://eta.bibl.u-szeged.hu/5052/120/felirat.html
|z Dokumentum-elérés
|
| 856 |
4 |
0 |
|u https://eta.bibl.u-szeged.hu/5052/121/felirat.vtt
|z Dokumentum-elérés
|
| 856 |
4 |
0 |
|u https://eta.bibl.u-szeged.hu/5052/122/felirat.html
|z Dokumentum-elérés
|
| 856 |
4 |
0 |
|u https://eta.bibl.u-szeged.hu/5052/123/felirat.vtt
|z Dokumentum-elérés
|
| 856 |
4 |
0 |
|u https://eta.bibl.u-szeged.hu/5052/124/felirat.html
|z Dokumentum-elérés
|
| 856 |
4 |
0 |
|u https://eta.bibl.u-szeged.hu/5052/125/felirat.vtt
|z Dokumentum-elérés
|
| 856 |
4 |
0 |
|u https://eta.bibl.u-szeged.hu/5052/126/felirat.html
|z Dokumentum-elérés
|